000 00924nam a22002897a 4500
001 4834
003 FISKH
005 20241017120304.0
008 241017b cb ||||| |||| 00| 0 eng d
020 _a9780060583354
040 _aFISKH
_beng
_cFISKH
_dFISKH
050 _aPZ7.B4483
082 _a813.6
100 _aBerenstain, Stan & Jan
_d(1923–2005) (1923–2012)
245 _aThe berenstain bears clean house /
_cBy Stan & Jan Berenstain
250 _aFirst edition in 2005
260 _aNew York :
_bHarperCollins,
_c2005.
300 _a32 pages :
_bColor illustrations ;
_c23 cm
505 _aN
520 _aWhen Mama, Papa, Sister, and Brother decide to clean their house, they find that it is difficult to get rid of things.
521 8 _a580L
_bLexile
521 8 _aN
_bRaz-Plus
650 _2Berenstain Bears
_aSpring
650 _2Fiction
_aFamily
942 _2ddc
_cBK
_n0
999 _c4834
_d4834